| 000 | 01191cam a2200289 4500 | ||
|---|---|---|---|
| 001 | 5008 | ||
| 003 | BD-RjUL | ||
| 005 | 20211208234007.0 | ||
| 008 | 131224s1971 nr bs 100 0 eng | ||
| 035 | _a(BD-RjUL)5044 | ||
| 040 |
_aDLC _cDLC _dDLC _dBD-RjUL _beng |
||
| 041 | _aeng | ||
| 082 | 0 | 4 |
_219 _a338.9669 _bCOR 1971 |
| 111 | 2 |
_aConference on National Reconstruction and Development in Nigeria _d(1969 : _cUniversity of Ibadan) _915765 |
|
| 245 | 1 | 0 |
_aReconstruction and development in Nigeria : _bProceedings of a national conference / _cEdited by A. A. Ayida and H. M. A. Onitiri. |
| 260 |
_aIbadan : _bPublished for the Nigerian Institute of Social and Economic Research [by] Oxford University Press, _c1971. |
||
| 300 |
_axviii, 768 p. ; _c26 cm. |
||
| 504 | _aIncludes bibliographical references. | ||
| 651 | 0 |
_aNigeria _xEconomic conditions _y1970- _xCongresses. _915756 |
|
| 651 | 0 |
_aNigeria _xEconomic policy _xCongresses. _915757 |
|
| 651 | 0 |
_aNigeria _xSocial conditions _xCongresses. _915758 |
|
| 700 | 1 |
_aAyida, Allison A. _q(Allison Akene), _eed. _915759 |
|
| 700 | 1 |
_aOnitiri, H. M. A., _eed. _915760 |
|
| 942 |
_2ddc _cBK |
||
| 999 |
_c5008 _d5008 |
||